|
|
|
|
| LEADER |
00000nam0a2200000 4500 |
| 001 |
153266 |
| 005 |
20231031151326.0 |
| 035 |
|
|
|a (RuTPU)RU\TPU\book\166289
|
| 090 |
|
|
|a 153266
|
| 100 |
|
|
|a 20090211d1971 m y0rusy50 ca
|
| 101 |
0 |
|
|a rus
|
| 102 |
|
|
|a RU
|
| 105 |
|
|
|a a z 001zy
|
| 200 |
1 |
|
|a Русская архитектура конца XIX - начала XX века
|f Е. А. Борисова, Т. П. Каждан
|g Академия наук СССР (АН СССР), Институт истории искусств ; худож. Е. Н. Ребров
|
| 210 |
|
|
|a Москва
|c Наука
|d 1971
|
| 215 |
|
|
|a 240 с.
|c ил.
|
| 320 |
|
|
|a Указатель имен: с. 237- 238
|
| 320 |
|
|
|a Библиогр. в примеч. с.: 222-236
|
| 610 |
1 |
|
|a архитектура
|
| 610 |
1 |
|
|a архитектурный дизайн
|
| 610 |
1 |
|
|a архитектурные стили
|
| 610 |
1 |
|
|a архитектурные памятники
|
| 610 |
1 |
|
|a градостроительство
|
| 675 |
|
|
|a 72(09)
|v 3
|
| 700 |
|
1 |
|a Борисова
|b Е. А.
|g Елена Андреевна
|
| 701 |
|
1 |
|a Каждан
|b Т. П.
|g Татьяна Павловна
|
| 702 |
|
1 |
|a Ребров
|b Е. Н.
|4 440
|
| 712 |
0 |
2 |
|a Академия наук СССР (АН СССР)
|b Институт истории искусств
|c (1944-1961)
|c (Москва)
|2 stltpush
|3 (RuTPU)RU\TPU\col\11815
|
| 801 |
|
1 |
|a RU
|b 63413507
|c 20090211
|g PSBO
|
| 942 |
|
|
|c BK
|